| 000 | 00335nam a2200121Ia 4500 | ||
|---|---|---|---|
| 008 | 220204s9999 xx 000 0 und d | ||
| 082 |
_a803 _bSMI |
||
| 100 | _aFraser, W H | ||
| 245 | 0 | _aHarrap's modern German grammar: With exercises and vocabularies | |
| 260 |
_aLondon _bG G Harrap _c1948 |
||
| 700 | _aSmissen, W H V D | ||
| 942 | _cBK | ||
| 999 |
_c20275 _d20275 |
||